000 00843nam a22002657a 4500
001 6695
003 FISKH
005 20250521110245.0
008 250521b cb ||||| |||| 00| 0 eng d
020 _a9788120777828
040 _aFISKH
_beng
_cFISKH
_dFISKH
050 _aPZ8.P435 A
082 _a398.2
100 _aAnonymouse
245 _aThe ant and the grasshopper :
_bFavourite fabes /
260 _aNew Delhi :
_bSterling Publishers,
_c2012
300 _a8 unnumbered pages :
_bcolor illustrations ;
_c17 cm
505 _aE
520 _aWhile an ant works hard all summer long to feed her children and store food for the winter, her neighbor, a cheerful but lazy grasshopper, relaxes in the sun.
521 8 _a100
_bLexile
521 8 _aE
_bRaz-Plus
650 _aFable
942 _2ddc
_cBK
_n0
999 _c6695
_d6695